[Event "It"]
[Site "masterchessopenings.com Skopje (Macedonia)"]
[Round "8"]
[White "Soos Bela (GER)"]
[Black "Ilievski Dimitar (MKD)"]
[Result "0-1"]
[WhiteElo "2281"]
[BlackElo "2309"]

1.d4 Nf6 2.c4 e6 3.Nc3 Bb4 4.Nf3 c5 5.e3 O-O 6.Bd2 d5 7.a3 Bxc3 8.Bxc3 Ne4
9.Rc1 Nxc3 10.Rxc3 cxd4 11.exd4 Nc6 12.Be2 dxc4 13.Bxc4 Bd7 14.O-O Rc8 15.Ba2
Qf6 16.Bb1 Rfd8 17.Qd2 Ne7 18.Ne5 Bb5 19.Re1 Rxc3 20.bxc3 Ng6 21.Qe3 Qe7
22.Bxg6 hxg6 23.c4 Be8 24.f4 Qd6 25.Rd1 Rc8 26.Rd2 f6 27.c5 Qd5 28.Nf3 Bc6
29.Re2 Kf7 30.Kf2 Rh8 31.h3 Qf5 32.Kg3 Bd5 33.Rf2 Qe4 34.Qd2 Re8 35.Qa5 a6
36.Qd2 Qb1 37.Re2 Qb3 38.Re3 Qa2 39.Qc3 Qc4 40.Qb2 Rd8 41.Rc3 Qa4 42.Qf2 Qc6
43.Re3 Qc7 44.h4 b6 45.cxb6 Qxb6 46.Qe2 Rc8 47.Qd3 Qb5 48.Qd2 Qc4 49.Qa5 Qf1
50.Qd2 Qc1 51.Qd3 Qc4 52.Qd2 Kg8 53.Qe1 Qc1 54.Qxc1 Rxc1 55.Rd3 Rc2 56.Ne1 Re2
57.Nf3 a5 58.Kh3 a4 59.g4 Be4 60.Rc3 Rb2 61.Re3 Bd5 62.Kg3 Kf7 63.Ne1 Ke7
64.Rc3 Be4 65.Re3 f5 66.g5 Kd6 67.Nf3 Rb3 68.Rxb3 axb3 69.Nd2 Bd5 70.Kf2 b2
71.Ke2 Ba2 {#R} 0-1

[Event "It"]
[Site "masterchessopenings.com Skopje (Macedonia)"]
[Round "3"]
[White "Taimanov Mark E (RUS)"]
[Black "Gheorghiu Florin (ROM)"]
[Result "1-0"]
[WhiteElo "2386"]
[BlackElo "2383"]

1.d4 Nf6 2.c4 e6 3.Nc3 Bb4 4.e3 c5 5.Nf3 O-O 6.Bd3 b6 7.O-O Bb7 8.Na4 cxd4
9.exd4 Be7 10.Re1 Re8 11.Bg5 d6 12.Nc3 Nbd7 13.b4 g6 14.a3 Rc8 15.Rc1 a6
16.Bf1 Rc7 17.h3 Qa8 18.Nd2 Bf8 19.Nb3 Ne4 20.Nxe4 Bxe4 21.Qd2 Bb7 22.a4 Rcc8
23.a5 d5 24.c5 bxc5 25.Nxc5 Bxc5 26.bxc5 f6 27.Bh4 Bc6 28.Rb1 e5 29.dxe5 fxe5
30.Bg3 Qa7 31.h4 Nxc5 32.Bxe5 Qf7 33.Bb2 Nb3 34.Qc3 d4 35.Rxe8+ {#r} 1-0

[Event "It"]
[Site "masterchessopenings.com Timishoara (Romania)"]
[Round "0"]
[White "Bogdan Dan (ROM)"]
[Black "Florescu Codrut (ROM)"]
[Result "1/2-1/2"]
[WhiteElo "2366"]
[BlackElo "2333"]

1.d4 Nf6 2.c4 e6 3.Nc3 Bb4 4.e3 O-O 5.Nf3 c5 6.Be2 Bxc3+ 7.bxc3 Nc6 8.O-O d6
9.Rb1 b6 10.Ne1 e5 11.Bf3 Qc7 12.Qc2 Bb7 13.d5 Ne7 14.e4 {#d} 1/2-1/2

[Event "It"]
[Site "masterchessopenings.com Venice (Italy)"]
[Round "13"]
[White "Evans Larry M (USA)"]
[Black "Pachman Ludek (GER)"]
[Result "1/2-1/2"]
[WhiteElo "2470"]
[BlackElo "2278"]

1.c4 Nf6 2.Nc3 e6 3.d4 Bb4 4.Nf3 c5 5.e3 O-O 6.Bd3 b6 7.d5 exd5 8.cxd5 Bb7
9.e4 Re8 10.O-O Bxc3 11.bxc3 Nxe4 12.Bxe4 Rxe4 13.Ng5 Re5 14.Qh5 h6 15.Qxf7+
Kh8 16.Ne6 dxe6 17.Qxb7 Nd7 18.dxe6 Rxe6 19.Rd1 Qe8 20.Be3 Ne5 {#d} 1/2-1/2

[Event "It (2)"]
[Site "masterchessopenings.com Budapest (Hungary)"]
[Round "11"]
[White "Szabo Laszlo (HUN)"]
[Black "Dely Peter (HUN)"]
[Result "1-0"]
[WhiteElo "1903"]
[BlackElo "2391"]

1.d4 Nf6 2.c4 e6 3.Nc3 Bb4 4.e3 c5 5.Nf3 O-O 6.Bd3 b6 7.O-O Bb7 8.Na4 cxd4
9.exd4 Bxf3 10.Qxf3 Nc6 11.Be3 d5 12.Rac1 Be7 13.Bb1 Rc8 14.c5 b5 15.Nc3 b4
16.Ne2 Nd7 17.Rfd1 Bf6 18.g3 Re8 19.h4 Nf8 20.Nf4 Ng6 21.Nxg6 hxg6 22.Kg2 Re7
23.Qg4 e5 24.dxe5 Rxe5 25.Bf4 Re8 26.Rd2 Be5 27.Bg5 f6 28.Be3 Ne7 29.Qxb4 Rb8
30.Qa3 d4 31.Be4 f5 32.Bf3 Bf6 33.Rcd1 {#r} 1-0

[Event "It (a)"]
[Site "masterchessopenings.com Balatonlelle (Hungary)"]
[Date "2003.06.26"]
[Round "6"]
[White "Pinter Jozsef (HUN)"]
[Black "Bluvshtein Mark (CAN)"]
[Result "1/2-1/2"]
[WhiteElo "2512"]
[BlackElo "2502"]

1.d4 Nf6 2.c4 e6 3.Nc3 Bb4 4.Nf3 c5 5.e3 O-O 6.Bd3 b6 7.O-O Bb7 8.Na4 cxd4
9.exd4 Be7 10.Re1 d6 11.Bf4 Nbd7 12.Nc3 Re8 13.h3 Nf8 14.Rc1 Ng6 15.Bh2 Rc8
16.b3 d5 17.Bf1 Bb4 18.Re3 Ne7 19.a3 Bd6 20.Bxd6 Qxd6 21.Nb5 Qb8 22.Bd3 Ne4
23.Nc3 Nf5 24.Re1 Qf4 25.Bxe4 dxe4 26.Qd2 Qxd2 27.Nxd2 Nxd4 28.Ncxe4 Red8
29.Ng3 Kf8 30.Ngf1 Nf5 31.Rc3 Rc7 32.Nb1 Rcd7 33.Ne3 Nxe3 34.Rcxe3 Rd1 35.Nc3
Rxe1+ 36.Rxe1 Rd3 37.Re3 Rxe3 38.fxe3 Ke7 39.Kf2 Bc6 40.g3 f5 41.h4 Kd6 42.b4
h6 43.Ke2 g5 44.hxg5 hxg5 45.Kd2 e5 46.Kd3 Ke6 47.e4 f4 48.g4 Kd6 49.Nd1 Bd7
{#d} 1/2-1/2

[Event "It (cat.1)"]
[Site "masterchessopenings.com Bucharest (Romania)"]
[Round "15"]
[White "Vioreanu Bogdan-Gabriel (ROM)"]
[Black "Ionescu Doru Alexandru (ROM)"]
[Result "1/2-1/2"]
[WhiteElo "2280"]
[BlackElo "2258"]

1.d4 Nf6 2.c4 e6 3.Nc3 Bb4 4.e3 c5 5.Nf3 O-O 6.Bd3 d6 7.O-O Bxc3 8.bxc3 Nc6
9.Nd2 e5 10.d5 Ne7 11.f4 exf4 12.exf4 Bf5 13.Nf3 Qd7 14.Qc2 Rfe8 15.Bd2 Bxd3
16.Qxd3 Qf5 17.Qb1 Qxb1 18.Raxb1 Rab8 19.Rfe1 Kf8 20.h3 Nd7 21.Be3 Nb6 22.Nd2
Na4 23.Rb3 a6 24.Kf2 b5 25.Reb1 Ra8 26.Ra3 Nf5 27.cxb5 axb5 28.Nf1 Nb6 29.Rxa8
Rxa8 30.g4 Rxa2+ 31.Kf3 Ne7 32.Rxb5 Nexd5 33.Nd2 Rc2 34.Ne4 Ke7 35.Bf2 f6
36.Be1 Nd7 37.Rb7 Rh2 38.Nf2 h5 39.Kg3 Rxf2 40.Kxf2 hxg4 41.hxg4 Nxf4 42.Kf3
Ng6 43.Bg3 Ke6 44.Ke4 Ne7 45.Ra7 Nc6 46.Rc7 Ne7 47.Ra7 Ng6 48.Rc7 {#d} 1/2-1/2

[Event "It (cat.7)"]
[Site "masterchessopenings.com Esbjerg (Denmark)"]
[Round "4"]
[White "Brinck-Claussen Bjorn (DEN)"]
[Black "Schneider Lars-Ake (SWE)"]
[Result "1/2-1/2"]
[WhiteElo "2385"]
[BlackElo "2430"]

1.d4 Nf6 2.c4 e6 3.Nc3 Bb4 4.e3 c5 5.Nf3 O-O 6.Bd3 b6 7.O-O Bb7 8.Na4 cxd4
9.a3 Be7 10.exd4 Qc7 11.Re1 d5 12.cxd5 Nxd5 13.Ne5 Nc6 14.Qc2 h6 15.Nxc6 Qxc6
16.Qxc6 Bxc6 17.Nc3 Rfd8 18.Nxd5 Bxd5 19.Be3 Rac8 20.Rac1 Bb7 21.Rxc8 Rxc8
22.Rc1 Rxc1+ 23.Bxc1 Bf6 24.Be3 Kf8 25.f3 Ke7 26.Be4 Ba6 27.Kf2 Bc4 28.Bc2 g5
29.g3 Kd6 30.Ke1 Bg7 31.Kd2 f5 32.Kc3 Kd5 33.f4 gxf4 34.gxf4 b5 35.b4 Bf6
36.Bf2 Bd8 37.Bb1 a5 38.Bc2 axb4+ 39.axb4 Bc7 40.Be3 Bd6 41.Bb1 Be7 42.Bf2 Bd6
43.Be3 Kc6 44.Bc2 Be2 45.Bb3 Kd7 46.Ba2 Ke7 47.Bb3 Kf6 48.Bd2 Bf3 49.Be3 Be2
50.Bd2 Bg4 51.Be3 Bf3 52.Bd2 Bd5 53.Bd1 Bc4 54.Bf3 Ke7 55.Be3 Kd7 56.Bd2 Be7
57.Be1 Kd6 58.Bf2 Bf6 59.Bd1 Bf1 {#d} 1/2-1/2

[Event "It (open)"]
[Site "masterchessopenings.com Alicante (Spain)"]
[Round "5"]
[White "Fenollar Jorda Manuel (ESP)"]
[Black "Picazo Lopez Juan Antonio (ESP)"]
[Result "1-0"]
[WhiteElo "2267"]
[BlackElo "2055"]

1.d4 Nf6 2.c4 e6 3.Nc3 Bb4 4.e3 c5 5.Nf3 O-O 6.Bd3 b6 7.O-O Bb7 8.Qe2 Bxc3
9.bxc3 Ne4 10.Ne1 d5 11.cxd5 exd5 12.Bb2 f5 13.c4 Kh8 14.Qh5 cxd4 15.Nf3 Qe8
16.Qh3 Nd7 17.Nxd4 Ndc5 18.Be2 dxc4 19.Bh5 Ng5 20.Qh4 Qd8 21.Bg6 h6 22.Bxf5
Qd5 23.f3 Kg8 24.Rad1 Rxf5 25.Nxf5 Qxf5 26.Qxc4+ Qf7 27.Qd4 Nge6 28.Qg4 Qe7
29.Rd2 Nf8 30.e4 Qf7 31.Rfd1 Qg6 32.Qxg6 Nxg6 33.g3 Nf8 34.Rd8 Rxd8 35.Rxd8
Kf7 36.Rd1 g6 37.g4 h5 38.gxh5 gxh5 39.Kf2 Ng6 40.Bd4 Nd7 41.Rg1 Nh4 42.Rg7+
Ke6 43.Kg3 Nxf3 44.Kxf3 b5 45.Rg6+ Ke7 46.Rg5 Bc6 47.Rxh5 a5 48.Rh6 Bb7 49.Kf4
b4 50.Rh5 a4 51.Rb5 {#r} 1-0

[Event "It (open)"]
[Site "masterchessopenings.com Anapa (Russia)"]
[Date "2010.09.04"]
[Round "4"]
[White "Bereznev Andrey (RUS)"]
[Black "Safonov Andrei (RUS)"]
[Result "1/2-1/2"]
[WhiteElo "2122"]
[BlackElo "2025"]

1.d4 Nf6 2.c4 e6 3.Nc3 Bb4 4.e3 O-O 5.Nf3 c5 6.Bd3 b6 7.Bd2 cxd4 8.Nxd4 Bb7
9.O-O Nc6 10.a3 Be7 11.Nce2 Rc8 12.Nxc6 Bxc6 13.Bc3 d5 14.b3 dxc4 15.Bxc4 b5
16.Bd3 Qd5 17.f3 Rfd8 18.Bc2 Qg5 19.Qc1 Nd5 20.Bd4 Bf6 21.Bxf6 gxf6 22.Kf2
Qh4+ 23.Kg1 Qg5 24.Kf2 {#d} 1/2-1/2

[Event "It (open)"]
[Site "masterchessopenings.com Arad (Romania)"]
[Date "2012.07.29"]
[Round "4"]
[White "Manolache Marius (ROM)"]
[Black "Peptan Corina-Isabela (ROM)"]
[Result "1/2-1/2"]
[WhiteElo "2549"]
[BlackElo "2420"]

1.d4 Nf6 2.c4 e6 3.Nc3 Bb4 4.e3 c5 5.Nf3 O-O 6.Bd3 d5 7.O-O cxd4 8.exd4 dxc4
9.Bxc4 Qc7 10.Qe2 Bxc3 11.bxc3 Nbd7 12.Ba3 Re8 13.Ne5 b6 14.f4 Bb7 15.Rac1 a6
16.Bb3 b5 17.c4 Qa5 18.Bb2 bxc4 19.Nxc4 Qb5 20.Qd1 Rec8 21.Nd6 Rxc1 22.Qxc1
Qc6 23.Nxb7 Qxb7 24.f5 exf5 25.Rxf5 a5 26.Qc4 Nb6 27.Qb5 Qe4 28.Qf1 a4 29.Re5
Qc6 30.Bd1 Qd6 31.Qf3 Rc8 32.Qa3 Qd7 33.Rc5 Re8 34.Bf3 Nfd5 35.Qd3 Qe6 36.Qd2
h6 37.Bc3 Nxc3 38.Re5 Qd7 39.Rxe8+ Qxe8 40.Qxc3 Qe6 41.a3 Qb3 42.Qc5 Nd7
43.Qc1 Qd3 44.Qb2 Qe3+ 45.Kf1 Nf6 46.Qb4 g5 47.h3 h5 48.Qb8+ Kg7 49.Qe5 Qc1+
50.Kf2 Kg6 51.Qe3 Qc2+ 52.Ke1 g4 53.hxg4 hxg4 54.Be2 Qb1+ 55.Kd2 Qb2+ 56.Kd1
Qa1+ 57.Kd2 Qb2+ 58.Ke1 Qb1+ 59.Kd2 Qb2+ 60.Kd1 Qa1+ 61.Kd2 Qb2+ 62.Ke1 Qb1+
63.Kd2 Qb2+ {#d} 1/2-1/2

[Event "It (open)"]
[Site "masterchessopenings.com Arco (Italy)"]
[Round "9"]
[White "Cardili Mariano (ITA)"]
[Black "Casagrande Fabio (ITA)"]
[Result "0-1"]
[WhiteElo "2023"]
[BlackElo "2040"]

1.d4 Nf6 2.c4 e6 3.Nc3 Bb4 4.e3 c5 5.Nf3 O-O 6.Bd3 d6 7.O-O Bxc3 8.bxc3 Nc6
9.e4 e5 10.d5 Ne7 11.Nh4 Ng6 12.Nf5 h6 13.f3 Nh5 14.g3 Re8 15.Be3 Bxf5 16.exf5
Nf8 17.Qd2 Nf6 18.Be4 Nxe4 19.fxe4 f6 20.g4 Kf7 21.h4 Nd7 22.Kf2 Qa5 23.g5
hxg5 24.hxg5 Rh8 25.Rh1 fxg5 26.Bxg5 Nf6 27.Bxf6 gxf6 28.Ke3 Rag8 29.Rxh8 Rxh8
30.Rf1 b5 31.cxb5 c4 32.Rf2 Rh3+ 33.Ke2 Qxb5 34.Rg2 Qb1 35.Kf2 Qxe4 36.Qe2
Qxf5+ 37.Kg1 Qd3 38.Qb2 Qe3+ 39.Qf2 Qxf2+ 40.Kxf2 Rxc3 41.Kg1 Rd3 42.Rb2 Rxd5
{#R} 0-1

[Event "It (open)"]
[Site "masterchessopenings.com Bajada de la Virgen (Spain)"]
[Date "2005.06.13"]
[Round "1"]
[White "Molano Gonzalez Angel (ESP)"]
[Black "Carlsson Pontus (SWE)"]
[Result "0-1"]
[WhiteElo "1602"]
[BlackElo "2435"]

1.d4 Nf6 2.c4 e6 3.Nc3 Bb4 4.Nf3 c5 5.e3 O-O 6.Bd2 b6 7.Bd3 Bb7 8.O-O d6 9.Re1
Nbd7 10.a3 Bxc3 11.Bxc3 Rc8 12.Rc1 d5 13.Ne5 cxd4 14.Bxd4 Nc5 15.Bxc5 bxc5
16.Qc2 Qd6 17.f4 Rfd8 18.Qe2 Qe7 19.Ng4 Nxg4 20.Qxg4 dxc4 21.Bxc4 Rd2 22.Re2
Rcd8 23.Rce1 Qf6 24.b3 Rxe2 25.Qxe2 Qc3 26.Qf1 a5 27.a4 g6 28.h3 Be4 29.Qf2
Rd2 30.Re2 Rd1+ 31.Kh2 Kg7 32.h4 Qc1 33.Ra2 Kg8 34.Be2 Re1 35.h5 gxh5 36.Bf3
Rh1+ 37.Kg3 Bf5 38.Qe2 h4+ 39.Kf2 Qg1# 0-1

[Event "It (open)"]
[Site "masterchessopenings.com Balaguer (Spain)"]
[Round "1"]
[White "Castany Pampalona Andreu (ESP)"]
[Black "Komljenovic Davor (CRO)"]
[Result "0-1"]
[WhiteElo "2094"]
[BlackElo "2455"]

1.d4 Nf6 2.c4 e6 3.Nc3 Bb4 4.Nf3 c5 5.e3 O-O 6.Be2 b6 7.O-O Bxc3 8.bxc3 Nc6
9.Ba3 d6 10.Qc2 e5 11.Rfd1 Qe7 12.d5 Na5 13.h3 e4 14.Nd2 Ba6 15.Qa4 Nxd5
16.cxd5 Bxe2 17.Re1 Bd3 18.c4 Qe8 19.Qxe8 Rfxe8 20.Rac1 a6 21.Bb2 b5 22.cxb5
axb5 23.a3 f5 24.f4 Nc4 25.Nxc4 bxc4 26.Ra1 Reb8 27.Ra2 Rb3 28.a4 c3 29.Bc1
Bb1 30.Ra1 Bd3 31.a5 Kf7 32.Kh2 g6 33.g4 Rb5 34.a6 Rb6 35.a7 Ra6 36.Rxa6 Bxa6
37.Kg3 Rxa7 38.Kh4 Bc8 39.Re2 Rb7 40.Ra2 Rb1 41.Ra7+ Ke8 42.Rxh7 Rxc1 43.Kg5
fxg4 44.hxg4 Bxg4 45.Kxg6 c2 46.f5 Rf1 47.Rh8+ Kd7 48.f6 c1=Q {#R} 0-1

[Event "It (open)"]
[Site "masterchessopenings.com Balatonbereny (Hungary)"]
[Round "4"]
[White "Moskalenko Viktor (UKR)"]
[Black "Anka Emil (HUN)"]
[Result "1-0"]
[WhiteElo "2520"]
[BlackElo "2380"]

1.d4 Nf6 2.c4 e6 3.Nc3 Bb4 4.e3 c5 5.Nf3 O-O 6.Be2 Bxc3+ 7.bxc3 d6 8.Qc2 Qe7
9.e4 e5 10.dxe5 dxe5 11.Nd2 Nc6 12.Nf1 b6 13.Ne3 Ba6 14.O-O Na5 15.Nd5 Nxd5
16.cxd5 Bxe2 17.Qxe2 Qd7 18.f4 exf4 19.Bxf4 f5 20.Rad1 fxe4 21.Qxe4 Rae8
22.Qd3 Qf5 23.Qg3 Qg6 24.Qh4 Nc4 25.d6 Re2 26.Qg5 Qxg5 27.Bxg5 Nxd6 28.Rxd6
Rxf1+ 29.Kxf1 Rxa2 30.Rd7 a5 31.Rb7 Rb2 32.Ra7 Ra2 33.Bd8 a4 34.Bxb6 c4 35.Bd4
g6 36.Rg7+ Kf8 37.Rxh7 a3 38.Ra7 Ke8 39.Bc5 Ra1+ 40.Kf2 a2 41.Bd4 {#r} 1-0

[Event "It (open)"]
[Site "masterchessopenings.com Bargteheide (Germany)"]
[Date "2012.05.17"]
[Round "1"]
[White "Krotofil Kurt (GER)"]
[Black "Nedic Dusan (GER)"]
[Result "0-1"]
[WhiteElo "2030"]
[BlackElo "2285"]

1.d4 Nf6 2.c4 e6 3.Nc3 Bb4 4.e3 O-O 5.Nf3 c5 6.Bd3 Nc6 7.O-O Bxc3 8.bxc3 d6
9.e4 e5 10.d5 Ne7 11.Bg5 Ng6 12.Nh4 Nxh4 13.Bxh4 h6 14.Qc1 g5 15.Bxg5 hxg5
16.Qxg5+ Kh8 17.f4 Nh7 18.Qxd8 Rxd8 19.fxe5 dxe5 20.Rxf7 Rd7 21.Raf1 Kg8
22.R7f5 Re7 23.Rh5 Bg4 24.Rh4 Bd7 25.Rf3 Rf8 26.Rg3+ Rg7 27.Rxg7+ Kxg7 28.Rh5
Bg4 29.Rh4 Nf6 30.h3 Bd1 31.Kf2 Kg6 32.Ke1 Kg5 33.g3 Bh5 34.Be2 Bg6 35.Bf3 Bh7
36.Ke2 Rd8 37.Kd2 Rd6 38.Kc2 Ra6 39.Kb3 Rb6+ 40.Kc2 a5 41.a4 Kg6 42.Bg4 Kg5
43.Bf5 Bxf5 44.exf5 Kxf5 45.Rh8 e4 46.Rc8 Nd7 47.Rc7 Ne5 48.Rxc5 e3 49.Rb5 Rf6
50.Rxb7 Ke4 51.Rb1 Rf2+ 52.Kb3 Nf3 53.d6 Nd2+ {#R} 0-1

[Event "It (open)"]
[Site "masterchessopenings.com Belgrade (Yugoslavia)"]
[Date "2005.02.01"]
[Round "9"]
[White "Kurtanovic M Besim (SRB)"]
[Black "Milicevic Predrag (SRB)"]
[Result "0-1"]
[WhiteElo "1987"]
[BlackElo "2205"]

1.d4 Nf6 2.c4 e6 3.Nc3 Bb4 4.e3 c5 5.Nf3 O-O 6.a3 Bxc3+ 7.bxc3 d6 8.Be2 Nc6
9.O-O e5 10.d5 Na5 11.Nd2 e4 12.f3 Qe7 13.f4 Nd7 14.g4 f5 15.Qa4 b6 16.g5 Nb8
17.Rf2 Bd7 18.Qd1 Qe8 19.Qf1 Ba4 20.h4 Bc2 21.Rh2 Na6 22.h5 Qa4 23.g6 h6
24.Kf2 Nc7 25.Rh1 Rab8 26.Bb2 a6 27.Qc1 b5 28.cxb5 axb5 29.c4 Nxc4 30.Nxc4
bxc4 31.Bd1 Bxd1 32.Rxd1 Rb3 33.Qc2 Rfb8 34.Ra2 Nb5 35.Bc1 Nc3 36.Rd2 Nxa2
37.Qxa2 c3 38.Re2 c4 39.Qc2 Qb5 40.Qa2 Rb2 41.Bxb2 cxb2 42.Qb1 c3 43.Rc2 Qd3
44.a4 Qxc2+ {#R} 0-1

[Event "It (open)"]
[Site "masterchessopenings.com Berlin (Germany)"]
[Date "2004.12.29"]
[Round "4"]
[White "Suchin Dimitry (GER)"]
[Black "Brener Ilja (GER)"]
[Result "1-0"]
[WhiteElo "2204"]
[BlackElo "2348"]

1.d4 Nf6 2.c4 e6 3.Nc3 Bb4 4.Nf3 c5 5.e3 O-O 6.Bd3 Nc6 7.O-O d6 8.Ne2 e5 9.Ng3
h6 10.d5 Ne7 11.Nh4 b5 12.b3 Bc3 13.Rb1 b4 14.Bc2 Re8 15.Bb2 Bxb2 16.Rxb2 Bd7
17.Bb1 Nc8 18.Nhf5 e4 19.f3 Bxf5 20.Nxf5 Ne7 21.Ng3 exf3 22.Qxf3 Ng6 23.Nh5
Ne5 24.Nxf6+ Qxf6 25.Qh3 Qe7 26.Rbf2 Rf8 27.g4 g6 28.Qg3 a5 29.h4 a4 30.h5 Qg5
31.Rf6 axb3 32.axb3 Nxg4 33.Rxd6 Qxh5 34.Rc6 Rae8 35.e4 Re5 36.Bd3 Qg5 37.Rf4
h5 38.Be2 Ra8 39.Bxg4 hxg4 40.Qxg4 Ra1+ 41.Kf2 Ra2+ 42.Ke3 Rb2 43.Qxg5 Rxb3+
44.Kf2 Rxg5 45.Rxc5 Rh5 46.Rf3 Rh2+ 47.Kg3 Rh3+ 48.Kxh3 Rxf3+ 49.Kg4 Rf1
50.Rb5 f5+ 51.exf5 gxf5+ 52.Kg5 Kf7 53.Rb7+ Ke8 54.Kf6 Kd8 55.c5 f4 56.c6 {#r}
1-0

[Event "It (open)"]
[Site "masterchessopenings.com Brno (Czech Republic)"]
[Date "2009.07.01"]
[Round "6"]
[White "Kuchynka Lubos (CZE)"]
[Black "Zitny Petr (CZE)"]
[Result "1-0"]
[WhiteElo "2058"]
[BlackElo "1955"]

1.d4 Nf6 2.c4 e6 3.Nc3 Bb4 4.e3 c5 5.Nf3 O-O 6.Bd3 Nc6 7.O-O Bxc3 8.bxc3 d6
9.Qc2 e5 10.d5 Ne7 11.Nd2 Ng6 12.f4 exf4 13.exf4 Ng4 14.Ne4 h6 15.h3 Nf6
16.Ng3 Ne7 17.a4 Kh8 18.f5 Bd7 19.Bf4 Be8 20.Ne4 Nxe4 21.Bxe4 f6 22.Qf2 Kh7
23.Qg3 Nc8 24.Bc2 Bf7 25.Rfe1 b6 26.Re6 Bxe6 27.Qg6+ Kh8 28.fxe6 f5 29.Bxf5
Rxf5 30.Qxf5 Ne7 31.Qf7 Kh7 32.Re1 a6 33.Bg3 Ra7 34.Bh4 Qg8 35.Bxe7 {#r} 1-0

[Event "It (open)"]
[Site "masterchessopenings.com Budapest (Hungary)"]
[Round "0"]
[White "Atanu Lahiri (IND)"]
[Black "Yu Mingyuan (CHN)"]
[Result "1/2-1/2"]
[WhiteElo "2426"]
[BlackElo "2319"]

1.d4 Nf6 2.c4 e6 3.Nc3 Bb4 4.e3 c5 5.Nf3 O-O 6.Bd3 d6 7.O-O Bxc3 8.bxc3 Nc6
9.e4 e5 10.d5 Ne7 11.Nh4 h6 12.f4 exf4 13.Bxf4 Ng4 14.Be2 Nxd5 15.cxd5 Qxh4
16.Bxd6 Ne3 17.Qe1 Qxe4 18.Bf3 Qd3 19.Bxf8 Qxf1+ 20.Qxf1 Nxf1 21.Bxc5 Nd2
22.Be2 b6 23.Be3 Ne4 24.Bf3 Ng5 25.Bxg5 hxg5 26.Re1 Bd7 27.Re7 Rd8 28.Kf2 Kf8
{#d} 1/2-1/2

[Event "It (open)"]
[Site "masterchessopenings.com Cap d'Agde (France)"]
[Round "0"]
[White "Ginguene Igor (FRA)"]
[Black "Primel Dominique (FRA)"]
[Result "0-1"]
[WhiteElo "2126"]
[BlackElo "2002"]

1.d4 Nf6 2.c4 e6 3.Nc3 Bb4 4.Nf3 c5 5.e3 O-O 6.Bd3 d6 7.O-O Bxc3 8.bxc3 Nc6
9.e4 e5 10.d5 Ne7 11.Bg5 Ng6 12.Nh4 h6 13.Nxg6 fxg6 14.Bh4 Qe8 15.Bxf6 Rxf6
16.Be2 Rb8 17.Qd3 Bd7 18.Qe3 Qe7 19.a4 Rff8 20.a5 g5 21.h3 Rf4 22.Rab1 Qd8
23.Kh2 Qe8 24.g3 Rf8 25.Rb2 Qc8 26.Rg1 Qd8 27.Rbb1 Rf6 28.Bg4 Bxg4 29.hxg4 Qd7
30.Qe2 Rbf8 31.Rgf1 Rf3 32.Rb3 R8f7 33.Kg2 Qxg4 34.Rfb1 Rxg3+ {#R} 0-1

[Event "It (open)"]
[Site "masterchessopenings.com Cesky Krumlov (Czech Republic)"]
[Date "2007.10.18"]
[Round "7"]
[White "Simon Petr (CZE)"]
[Black "Roncak Vaclav (CZE)"]
[Result "1-0"]
[WhiteElo "1915"]
[BlackElo "1838"]

1.d4 Nf6 2.c4 e6 3.Nf3 Bb4+ 4.Nc3 O-O 5.e3 c5 6.Bd2 d5 7.Bd3 b6 8.Qc2 Bb7
9.cxd5 exd5 10.a3 Bxc3 11.Bxc3 c4 12.Bf5 Nc6 13.O-O g6 14.Bh3 Ne4 15.Nd2 Nxc3
16.bxc3 Re8 17.Rae1 b5 18.e4 dxe4 19.Nxe4 Bc8 20.Nf6+ {#r} 1-0

[Event "It (open)"]
[Site "masterchessopenings.com Corsico (Italy)"]
[Date "2010.03.13"]
[Round "2"]
[White "Marchini Daniele (ITA)"]
[Black "Manini Paolo (ITA)"]
[Result "0-1"]
[WhiteElo "1833"]
[BlackElo "1776"]

1.d4 Nf6 2.c4 e6 3.Nc3 Bb4 4.e3 c5 5.Nf3 O-O 6.Bd3 Bxc3+ 7.bxc3 d6 8.O-O Nbd7
9.Re1 b6 10.d5 e5 11.e4 h6 12.Nh4 Re8 13.Nf5 Nf8 14.Qf3 Ng6 15.Re3 Nh7 16.Qg3
Bxf5 17.exf5 Nf4 18.Be4 Nf6 19.Bd2 Qd7 20.Rae1 Qa4 21.Qh4 Qxc4 22.g3 N4xd5
23.Rd3 Nxe4 24.Qxe4 Qxe4 25.Rxe4 Nf6 26.Re2 d5 27.f3 e4 28.fxe4 dxe4 29.Rd6
Rad8 30.Rc6 Rd7 31.Bxh6 Nd5 32.Bd2 e3 33.Be1 Red8 34.c4 Ne7 35.Rxc5 bxc5
36.Rxe3 Nxf5 37.Re5 Re7 38.Rxf5 Rxe1+ 39.Kf2 Ra1 40.Rxc5 Rxa2+ 41.Ke3 a5 42.h4
a4 43.g4 Ra8 44.Rb5 a3 45.Kd3 Rh2 46.c5 a2 47.c6 a1=Q 48.c7 Qf1+ 49.Kd4 {#R}
0-1

[Event "It (open)"]
[Site "masterchessopenings.com Dortmund (Germany)"]
[Round "8"]
[White "Niemann Peter (GER)"]
[Black "Reichelt Manfred (GER)"]
[Result "1-0"]
[WhiteElo "2091"]
[BlackElo "2041"]

1.d4 Nf6 2.c4 e6 3.Nf3 Bb4+ 4.Nc3 c5 5.e3 O-O 6.Bd3 d6 7.h3 Nc6 8.Qc2 cxd4
9.exd4 e5 10.dxe5 dxe5 11.O-O Bxc3 12.bxc3 e4 13.Bxe4 Nxe4 14.Qxe4 Re8 15.Qc2
h6 16.Be3 Qf6 17.Nd4 Ne5 18.c5 g5 19.f4 Nc4 20.fxg5 Qe7 21.Bd2 Qxc5 22.gxh6
Bxh3 23.Rxf7 Bf5 24.Rxf5 {#r} 1-0

[Event "It (open)"]
[Site "masterchessopenings.com Dortmund (Germany)"]
[Date "2007.06.30"]
[Round "8"]
[White "Wesoly Helge (GER)"]
[Black "Fenner Martin (GER)"]
[Result "0-1"]
[WhiteElo "1847"]
[BlackElo "2053"]

1.d4 Nf6 2.c4 e6 3.Nc3 Bb4 4.Nf3 O-O 5.e3 c5 6.d5 Bxc3+ 7.bxc3 d6 8.Bd3 e5
9.e4 Nbd7 10.O-O Re8 11.h3 Nf8 12.Bg5 h6 13.Bh4 Ng6 14.Bg3 Rf8 15.Nh2 Nd7
16.f4 exf4 17.Bxf4 Nde5 18.Bxe5 Nxe5 19.Nf3 Qe7 20.Qd2 b6 21.Rae1 Bd7 22.Nxe5
Qxe5 23.Rf3 Rae8 24.Ref1 Qh5 25.Qf2 Re5 26.Rg3 f6 27.Be2 Qe8 28.Qf4 Kh8 29.Bd3
Qe7 30.Rgf3 Kh7 31.g4 Be8 32.h4 Bg6 33.Re3 Re8 34.Rfe1 h5 35.gxh5 Bxh5 36.Rg3
Rh8 37.Kf2 g5 38.hxg5 fxg5 39.Qe3 Rf8+ 40.Kg2 Rf4 41.Rh1 Rh4 42.Rf1 Bg6 43.Rh3
Kg7 44.Rxh4 gxh4 45.Re1 Rg5+ 46.Kh1 Qe5 47.Qh3 Qg3 48.Qxg3 Rxg3 49.Bf1 Kf6
50.Kh2 Ke5 51.Bg2 Rxc3 52.Rf1 Rxc4 53.Rf8 Bxe4 54.Re8+ Kxd5 55.Bh3 Rc2+ 56.Kg1
Kd4 57.Be6 d5 58.Re7 Rxa2 59.Rh7 c4 60.Rxh4 c3 {#R} 0-1

[Event "It (open)"]
[Site "masterchessopenings.com Groningen (Netherlands)"]
[Round "1"]
[White "Van Der Marel Bert (NED)"]
[Black "Yevseev Denis (RUS)"]
[Result "0-1"]
[WhiteElo "2164"]
[BlackElo "2395"]

1.d4 Nf6 2.c4 e6 3.Nc3 Bb4 4.Nf3 c5 5.e3 O-O 6.Bd3 Nc6 7.O-O Bxc3 8.bxc3 d6
9.e4 e5 10.d5 Ne7 11.Nh4 h6 12.f4 Ng6 13.Nxg6 fxg6 14.fxe5 dxe5 15.Be3 b6
16.Qf3 Qd6 17.Qg3 g5 18.h4 g4 19.h5 Bd7 20.Qh2 Nh7 21.Bf2 Ng5 22.Bg3 Rxf1+
23.Rxf1 Re8 24.Bh4 Rf8 25.Rxf8+ Kxf8 26.Qg3 Qf6 27.Qe1 Ke7 28.Bg3 Kd6 29.Qc1
Nf7 30.Qf1 Be8 31.Qxf6+ gxf6 32.Bh4 Ng5 33.Bxg5 fxg5 34.Kf2 Bxh5 35.Kg3 Ke7
36.Be2 Bg6 37.Kxg4 Bxe4 38.Kh5 Bxg2 39.Kxh6 e4 40.Kxg5 Bf3 {#R} 0-1

[Event "It (open)"]
[Site "masterchessopenings.com Gyongyos (Hungary)"]
[Round "0"]
[White "Sull Gyula (HUN)"]
[Black "Tengely Szabolcs (HUN)"]
[Result "1-0"]
[WhiteElo "2059"]
[BlackElo "2196"]

1.d4 Nf6 2.c4 e6 3.Nc3 Bb4 4.e3 c5 5.Nf3 O-O 6.Bd3 Bxc3+ 7.bxc3 d6 8.O-O Qe7
9.Qc2 e5 10.Nd2 Re8 11.f3 Nbd7 12.d5 Nf8 13.Ne4 Nh5 14.g4 Nf6 15.Ng3 h6 16.h4
e4 17.Bxe4 Bxg4 18.Bf5 Qe5 19.Kg2 Bxf5 20.Nxf5 Ng6 21.Kh3 Rab8 22.Rg1 Kh8
23.Rg2 b5 24.f4 Qe4 25.Nxd6 Qf3+ 26.Rg3 Qh1+ 27.Qh2 Qe1 28.Bb2 Nxf4+ 29.exf4
Qe7 30.Nxe8 Qxe8 31.Qf2 bxc4 32.Re1 Qd7+ 33.Kh2 Ng4+ 34.Rxg4 Qxg4 35.Bc1 a5
36.f5 Rd8 37.f6 g5 38.hxg5 hxg5 39.Rg1 Qh5+ 40.Kg2 Kg8 41.Qf3 {#r} 1-0